书目信息 |
| 题名: |
真核基因表达调控
|
|
| 作者: | ||
| 分册: | ||
| 出版信息: | 北京 高等教育出版社 1997 |
|
| 页数: | 358 | |
| 开本: | 26cm | |
| 丛书名: | ||
| 单 册: | ||
| 中图分类: | Q753 | |
| 科图分类: | ||
| 主题词: | 分子遗传学 | |
| 电子资源: | ||
| ISBN: | 7-04-006641-6 | |
| 000 | 00471nam0 2200181 450 | |
| 001 | 0741144344 | |
| 005 | 20070817112544.34 | |
| 010 | @a7-04-006641-6@d¥44.90 | |
| 100 | @a20070817d km y0chiy0120 ea | |
| 101 | 0 | @achi |
| 200 | 1 | @a真核基因表达调控@Azhen he ji yin biao da tiao kong |
| 205 | @a修订版 | |
| 210 | @a北京@c高等教育出版社@d1997 | |
| 215 | @a358@d26cm | |
| 606 | 0 | @a分子遗传学 |
| 690 | @aQ753@v3 | |
| 801 | 0 | @aCN@bPFT@c20070817 |
| 905 | @a213230@dQ753@en1@f1 | |
| 真核基因表达调控.-修订版.-北京:高等教育出版社,1997 |
| 358;26cm |
| ISBN 7-04-006641-6:¥44.90 |
| ● |
| 相关链接 |
|
|
|
|
正题名:真核基因表达调控
索取号:Q753/n1
 
预约/预借
| 序号 | 登录号 | 条形码 | 馆藏地/架位号 | 状态 | 备注 |
| 1 | 6600247 | 266002470 | 密集书库-生命科学系/ [索取号:Q753/n1] | 在馆 | |
| 2 | 6600248 | 266002489 | 密集书库-生命科学系/ [索取号:Q753/n1] | 在馆 |